[Event "Benidorm Satellite preliminary"]
[Site "playchess.com #007036"]
[Date "2009.10.24"]
[Round "9"]
[White "Ferdi Sert"]
[Black "TheMaster15"]
[Result "0-1"]
[WhiteElo "1854"]
[BlackElo "2294"]
[PlyCount "104"]
[EventDate "2009.10.24"]
[EventType "swiss (blitz)"]

1. e4 {[%emt 0:00:01]} Nc6 {[%emt 0:00:01]} 2. Nf3 {[%emt 0:00:01]} e5 {[%emt
0:00:01]} 3. Nc3 {[%emt 0:00:02]} Nf6 {[%emt 0:00:01]} 4. Bb5 {[%emt 0:00:01]}
Bd6 {[%emt 0:00:08]} 5. d3 {[%emt 0:00:06]} O-O {[%emt 0:00:02]} 6. Ne2 {[%emt
0:00:05]} a6 {[%emt 0:00:02]} 7. Ba4 {[%emt 0:00:03]} b5 {[%emt 0:00:03]} 8.
Bb3 {[%emt 0:00:01]} Ne7 {[%emt 0:00:12]} 9. h3 {[%emt 0:00:03]} Ng6 {[%emt 0:
00:01]} 10. O-O {[%emt 0:00:04]} c6 {[%emt 0:00:01]} 11. c3 {[%emt 0:00:02]}
Bc7 {[%emt 0:00:01]} 12. Ng3 {[%emt 0:00:19]} d5 {[%emt 0:00:01]} 13. Bg5 {
[%emt 0:00:09]} Be6 {[%emt 0:00:07]} 14. Re1 {[%emt 0:00:07]} h6 {[%emt 0:00:
01]} 15. Bxf6 {[%emt 0:00:05]} Qxf6 {[%emt 0:00:00]} 16. d4 {[%emt 0:00:05]}
exd4 {[%emt 0:00:10]} 17. cxd4 {[%emt 0:00:05]} Bxg3 {[%emt 0:00:14]} 18. fxg3
{[%emt 0:00:01]} dxe4 {[%emt 0:00:01]} 19. Rxe4 {[%emt 0:00:08]} Bf5 {[%emt 0:
00:06]} 20. Re1 {[%emt 0:00:13]} Rad8 {[%emt 0:00:01]} 21. g4 {[%emt 0:00:04]}
Bc8 {[%emt 0:00:12]} 22. Qc2 {[%emt 0:00:06]} Nf4 {[%emt 0:00:15]} 23. Qe4 {
[%emt 0:00:23]} Qd6 {[%emt 0:00:24]} 24. Qe5 {[%emt 0:00:05]} Be6 {[%emt 0:00:
08]} 25. Bxe6 {[%emt 0:00:22]} Nxe6 {[%emt 0:00:02]} 26. Rad1 {[%emt 0:00:04]}
Qxe5 {[%emt 0:00:12]} 27. dxe5 {[%emt 0:00:01]} c5 {[%emt 0:00:07]} 28. g3 {
[%emt 0:00:06]} c4 {[%emt 0:00:04]} 29. Kf2 {[%emt 0:00:02]} Rfe8 {[%emt 0:00:
02]} 30. Ke2 {[%emt 0:00:19]} Kf8 {[%emt 0:00:01]} 31. Rxd8 {[%emt 0:00:02]}
Rxd8 {[%emt 0:00:00]} 32. Rd1 {[%emt 0:00:01]} Rxd1 {[%emt 0:00:01]} 33. Kxd1 {
[%emt 0:00:01]} Ke7 {[%emt 0:00:01]} 34. Kd2 {[%emt 0:00:01]} Kd7 {[%emt 0:00:
01]} 35. Ke3 {[%emt 0:00:01]} Kc6 {[%emt 0:00:01]} 36. Ke4 {[%emt 0:00:01]} Kc5
{[%emt 0:00:02]} 37. h4 {[%emt 0:00:05]} b4 {[%emt 0:00:04]} 38. g5 {[%emt 0:
00:08]} hxg5 {[%emt 0:00:01]} 39. Nxg5 {[%emt 0:00:03]} Nxg5+ {[%emt 0:00:01]}
40. hxg5 {[%emt 0:00:01]} g6 {[%emt 0:00:01]} 41. g4 {[%emt 0:00:12]} a5 {
[%emt 0:00:02]} 42. a4 {[%emt 0:00:17]} b3 {[%emt 0:00:17]} 43. Ke3 {[%emt 0:
00:11]} c3 {[%emt 0:00:04]} 44. e6 {[%emt 0:00:06]} fxe6 {[%emt 0:00:01]} 45.
Ke4 {[%emt 0:00:02]} cxb2 {[%emt 0:00:01]} 46. Ke5 {[%emt 0:00:00]} b1=Q {
[%emt 0:00:01]} 47. Kxe6 {[%emt 0:00:00]} Qe4+ {[%emt 0:00:01]} 48. Kf6 {[%emt
0:00:01]} b2 {[%emt 0:00:01]} 49. Kg7 {[%emt 0:00:01]} b1=Q {[%emt 0:00:02]}
50. Kh6 {[%emt 0:00:07]} Qbh1+ {[%emt 0:00:04]} 51. Kg7 {[%emt 0:00:01]} Qe7+ {
[%emt 0:00:01]} 52. Kg8 {[%emt 0:00:01]} Qhh7# {[%emt 0:00:01]} 0-1

[Event "Benidorm Satellite preliminary"]
[Site "playchess.com #007036"]
[Date "2009.10.24"]
[Round "9"]
[White "Vasily Mln"]
[Black "Slobster"]
[Result "1-0"]
[WhiteElo "2053"]
[BlackElo "1672"]
[PlyCount "79"]
[EventDate "2009.10.24"]
[EventType "swiss (blitz)"]

1. d4 {[%emt 0:00:02]} e6 {[%emt 0:00:04]} 2. c4 {[%emt 0:00:03]} f5 {[%emt 0:
00:00]} 3. Nf3 {[%emt 0:00:02]} Nf6 {[%emt 0:00:00]} 4. Nc3 {[%emt 0:00:03]} d5
{[%emt 0:00:00]} 5. Bf4 {[%emt 0:00:01]} c6 {[%emt 0:00:00]} 6. e3 {[%emt 0:00:
01]} Be7 {[%emt 0:00:01]} 7. Bd3 {[%emt 0:00:00]} O-O {[%emt 0:00:00]} 8. O-O {
[%emt 0:00:00]} Nbd7 {[%emt 0:00:00]} 9. Qe2 {[%emt 0:00:01]} b6 {[%emt 0:00:
01]} 10. Rac1 {[%emt 0:00:01]} Bb7 {[%emt 0:00:01]} 11. h3 {[%emt 0:00:05]} a5
{[%emt 0:00:03]} 12. cxd5 {[%emt 0:00:06]} exd5 {[%emt 0:00:02]} 13. Rc2 {
[%emt 0:00:04]} Rc8 {[%emt 0:00:04]} 14. Rfc1 {[%emt 0:00:01]} Ne4 {[%emt 0:00:
06]} 15. Nd2 {[%emt 0:00:07]} Ndf6 {[%emt 0:00:06]} 16. f3 {[%emt 0:00:02]}
Nxd2 {[%emt 0:00:01]} 17. Qxd2 {[%emt 0:00:01]} Ne8 {[%emt 0:00:11]} 18. Be5 {
[%emt 0:00:09]} Bd6 {[%emt 0:00:07]} 19. f4 {[%emt 0:00:02]} g6 {[%emt 0:00:05]
} 20. Na4 {[%emt 0:00:16]} Nf6 {[%emt 0:00:02]} 21. Bxd6 {[%emt 0:00:04]} Qxd6
{[%emt 0:00:04]} 22. Nxb6 {[%emt 0:00:00]} Rc7 {[%emt 0:00:04]} 23. Na4 {[%emt
0:00:01]} Ne4 {[%emt 0:00:04]} 24. Bxe4 {[%emt 0:00:01]} fxe4 {[%emt 0:00:01]}
25. a3 {[%emt 0:00:08]} Qf6 {[%emt 0:00:14]} 26. Qxa5 {[%emt 0:00:04]} Rg7 {
[%emt 0:00:05]} 27. g4 {[%emt 0:00:36]} h5 {[%emt 0:00:05]} 28. g5 {[%emt 0:00:
05]} Qf5 {[%emt 0:00:02]} 29. Rh2 {[%emt 0:00:11]} Ra8 {[%emt 0:00:28]} 30. Qb4
{[%emt 0:00:04]} h4 {[%emt 0:00:43]} 31. Nc5 {[%emt 0:00:18]} Bc8 {[%emt 0:00:
04]} 32. Qb6 {[%emt 0:00:26]} Kh8 {[%emt 0:00:24]} 33. Qxc6 {[%emt 0:00:14]}
Bd7 {[%emt 0:00:04]} 34. Qxa8+ {[%emt 0:00:06]} Kh7 {[%emt 0:00:05]} 35. Nxd7 {
[%emt 0:00:14]} Rxd7 {[%emt 0:00:10]} 36. Rc8 {[%emt 0:00:01]} Qf7 {[%emt 0:00:
03]} 37. Rhc2 {[%emt 0:00:07]} Ra7 {[%emt 0:00:04]} 38. Rh8+ {[%emt 0:00:03]}
Kg7 {[%emt 0:00:03]} 39. Qb8 {[%emt 0:00:06]} Rd7 {[%emt 0:00:13]} 40. Qe5+ {
[%emt 0:00:04] Slobster ger upp} 1-0

[Event "Benidorm Satellite preliminary"]
[Site "playchess.com #007036"]
[Date "2009.10.24"]
[Round "9"]
[White "Mateusz-Morfeusz"]
[Black "Yoborjamari"]
[Result "1-0"]
[WhiteElo "2470"]
[BlackElo "2221"]
[PlyCount "87"]
[EventDate "2009.10.24"]
[EventType "swiss (blitz)"]

1. e4 {[%emt 0:00:01]} d5 {[%emt 0:00:02]} 2. exd5 {[%emt 0:00:01]} Qxd5 {
[%emt 0:00:01]} 3. Nc3 {[%emt 0:00:00]} Qa5 {[%emt 0:00:01]} 4. Bc4 {[%emt 0:
00:02]} Nf6 {[%emt 0:00:01]} 5. d3 {[%emt 0:00:02]} Bg4 {[%emt 0:00:02]} 6. f3
{[%emt 0:00:01]} Bf5 {[%emt 0:00:02]} 7. Bd2 {[%emt 0:00:00]} c6 {[%emt 0:00:
02]} 8. Nge2 {[%emt 0:00:01]} e6 {[%emt 0:00:05]} 9. Ne4 {[%emt 0:00:01]} Qd8 {
[%emt 0:00:03]} 10. N2g3 {[%emt 0:00:02]} Bg6 {[%emt 0:00:01]} 11. Nxf6+ {
[%emt 0:00:03]} Qxf6 {[%emt 0:00:01]} 12. Bc3 {[%emt 0:00:02]} Qh4 {[%emt 0:00:
09]} 13. Qe2 {[%emt 0:00:01]} Nd7 {[%emt 0:00:02]} 14. O-O-O {[%emt 0:00:01]}
O-O-O {[%emt 0:00:05]} 15. Ne4 {[%emt 0:00:02]} Nb6 {[%emt 0:00:31]} 16. Bb3 {
[%emt 0:00:01]} Nd5 {[%emt 0:00:04]} 17. Bd2 {[%emt 0:00:01]} Nf4 {[%emt 0:00:
14]} 18. Qe3 {[%emt 0:00:23]} Nxg2 {[%emt 0:00:06]} 19. Qxa7 {[%emt 0:00:01]}
Bxe4 {[%emt 0:00:24]} 20. dxe4 {[%emt 0:00:26]} Bd6 {[%emt 0:00:03]} 21. Ba5 {
[%emt 0:00:16]} Bb8 {[%emt 0:00:05]} 22. Qb6 {[%emt 0:00:46]} Nf4 {[%emt 0:00:
51]} 23. Ba4 {[%emt 0:00:22]} Rxd1+ {[%emt 0:00:21]} 24. Rxd1 {[%emt 0:00:02]}
Qe7 {[%emt 0:00:05]} 25. Qe3 {[%emt 0:01:12] .} Bc7 {[%emt 0:00:13] '} 26. Bc3
{[%emt 0:00:01]} f6 {[%emt 0:00:09]} 27. Bb3 {[%emt 0:00:01]} Rd8 {[%emt 0:00:
05]} 28. a3 {[%emt 0:00:01]} g5 {[%emt 0:00:02]} 29. Rxd8+ {[%emt 0:00:01]}
Qxd8 {[%emt 0:00:01]} 30. Bd2 {[%emt 0:00:00]} Qd6 {[%emt 0:00:01]} 31. Bc4 {
[%emt 0:00:02]} Kd7 {[%emt 0:00:01]} 32. Bf1 {[%emt 0:00:00]} Ke7 {[%emt 0:00:
01]} 33. Bb4 {[%emt 0:00:01]} Nd3+ {[%emt 0:00:05]} 34. Bxd3 {[%emt 0:00:04]}
c5 {[%emt 0:00:02]} 35. Bxc5 {[%emt 0:00:01]} Bb6 {[%emt 0:00:02]} 36. Bxd6+ {
[%emt 0:00:02]} Kf7 {[%emt 0:00:00]} 37. Qxb6 {[%emt 0:00:01]} Kg6 {[%emt 0:00:
02]} 38. e5+ {[%emt 0:00:00]} f5 {[%emt 0:00:02]} 39. Be7 {[%emt 0:00:00]} Kf7
{[%emt 0:00:01]} 40. Qd6 {[%emt 0:00:01]} h5 {[%emt 0:00:02]} 41. Bxf5 {[%emt
0:00:00]} exf5 {[%emt 0:00:03]} 42. Qf6+ {[%emt 0:00:00]} Ke8 {[%emt 0:00:01]}
43. e6 {[%emt 0:00:00]} g4 {[%emt 0:00:02]} 44. Qf7# {[%emt 0:00:00]} 1-0

[Event "Benidorm Satellite preliminary"]
[Site "playchess.com #007036"]
[Date "2009.10.24"]
[Round "9"]
[White "Schachkanone2"]
[Black "Tpeter"]
[Result "1-0"]
[WhiteElo "1434"]
[BlackElo "1176"]
[PlyCount "81"]
[EventDate "2009.10.24"]
[EventType "swiss (blitz)"]

1. e4 {[%emt 0:00:01]} c5 {[%emt 0:00:02]} 2. Nf3 {[%emt 0:00:01]} d6 {[%emt 0:
00:01]} 3. d4 {[%emt 0:00:01]} cxd4 {[%emt 0:00:01]} 4. Nxd4 {[%emt 0:00:01]}
Nf6 {[%emt 0:00:01]} 5. Nc3 {[%emt 0:00:01]} a6 {[%emt 0:00:01]} 6. Bc4 {[%emt
0:00:02]} e6 {[%emt 0:00:01]} 7. O-O {[%emt 0:00:02]} b6 {[%emt 0:00:00]} 8.
Bg5 {[%emt 0:00:02]} Be7 {[%emt 0:00:02]} 9. f4 {[%emt 0:00:02]} Bb7 {[%emt 0:
00:01]} 10. e5 {[%emt 0:00:04]} dxe5 {[%emt 0:00:27]} 11. fxe5 {[%emt 0:00:04]}
Nd5 {[%emt 0:00:02]} 12. Bxe7 {[%emt 0:00:03]} Nxe7 {[%emt 0:00:05]} 13. Bxe6 {
[%emt 0:00:22]} fxe6 {[%emt 0:00:12]} 14. Qh5+ {[%emt 0:00:06]} Ng6 {[%emt 0:
00:08]} 15. Nxe6 {[%emt 0:00:03]} Qe7 {[%emt 0:00:05]} 16. Ng5 {[%emt 0:00:25]}
Nd7 {[%emt 0:00:23]} 17. Rf7 {[%emt 0:00:14]} Qxe5 {[%emt 0:00:19]} 18. Raf1 {
[%emt 0:00:17]} Nf6 {[%emt 0:00:18]} 19. Qd1 {[%emt 0:00:17]} Rd8 {[%emt 0:00:
16]} 20. Qc1 {[%emt 0:00:23]} h6 {[%emt 0:00:13]} 21. Rxb7 {[%emt 0:00:09]}
Qxg5 {[%emt 0:00:22]} 22. Re1+ {[%emt 0:00:13]} Kf8 {[%emt 0:00:16]} 23. Qxg5 {
[%emt 0:00:05]} hxg5 {[%emt 0:00:02]} 24. Rxb6 {[%emt 0:00:03]} Ne7 {[%emt 0:
00:07]} 25. Rxa6 {[%emt 0:00:03]} Nf5 {[%emt 0:00:02]} 26. Ne4 {[%emt 0:00:12]}
Nxe4 {[%emt 0:00:08]} 27. Rxe4 {[%emt 0:00:01]} Rh6 {[%emt 0:00:12]} 28. Rxh6 {
[%emt 0:00:02]} gxh6 {[%emt 0:00:02]} 29. a4 {[%emt 0:00:02]} Rd2 {[%emt 0:00:
05]} 30. Rc4 {[%emt 0:00:04]} Rd7 {[%emt 0:00:03]} 31. b4 {[%emt 0:00:03]} Rd1+
{[%emt 0:00:01]} 32. Kf2 {[%emt 0:00:02]} Rd2+ {[%emt 0:00:01]} 33. Kf3 {[%emt
0:00:03]} Nh4+ {[%emt 0:00:05]} 34. Kg3 {[%emt 0:00:04] .} Nxg2 {[%emt 0:00:01]
} 35. a5 {[%emt 0:00:05]} Nf4 {[%emt 0:00:00]} 36. h4 {[%emt 0:00:04]} Ne2+ {
[%emt 0:00:01]} 37. Kg4 {[%emt 0:00:03]} Nf4 {[%emt 0:00:01]} 38. hxg5 {[%emt
0:00:02]} Ne6 {[%emt 0:00:07]} 39. gxh6 {[%emt 0:00:02]} Rg2+ {[%emt 0:00:01]}
40. Kf5 {[%emt 0:00:01]} Ke7 {[%emt 0:00:05]} 41. Re4 {[%emt 0:00:03] Time} 1-0

[Event "Benidorm Satellite preliminary"]
[Site "playchess.com #007036"]
[Date "2009.10.24"]
[Round "9"]
[White "Windwolf"]
[Black "HaraldEtuna"]
[Result "1-0"]
[WhiteElo "2016"]
[BlackElo "2184"]
[PlyCount "87"]
[EventDate "2009.10.24"]
[EventType "swiss (blitz)"]

1. e4 {[%emt 0:00:02]} Nf6 {[%emt 0:00:01]} 2. Nc3 {[%emt 0:00:02]} e5 {[%emt
0:00:02]} 3. Nf3 {[%emt 0:00:02]} Nc6 {[%emt 0:00:01]} 4. Bb5 {[%emt 0:00:01]}
Bb4 {[%emt 0:00:02]} 5. O-O {[%emt 0:00:04]} O-O {[%emt 0:00:02]} 6. Re1 {
[%emt 0:00:01]} d6 {[%emt 0:00:05]} 7. h3 {[%emt 0:00:01]} Ne7 {[%emt 0:00:07]}
8. d4 {[%emt 0:00:09]} Ng6 {[%emt 0:00:13]} 9. a3 {[%emt 0:00:16]} Bxc3 {[%emt
0:00:02]} 10. bxc3 {[%emt 0:00:00]} Qe7 {[%emt 0:00:17]} 11. Be3 {[%emt 0:00:
05]} c5 {[%emt 0:00:14]} 12. Bd3 {[%emt 0:00:12]} b6 {[%emt 0:00:04]} 13. a4 {
[%emt 0:00:11]} Be6 {[%emt 0:00:17]} 14. d5 {[%emt 0:00:05]} Bd7 {[%emt 0:00:
02]} 15. c4 {[%emt 0:00:01]} a5 {[%emt 0:00:14]} 16. Qd2 {[%emt 0:00:15]} Nh5 {
[%emt 0:00:06]} 17. Bf1 {[%emt 0:00:10]} Nhf4 {[%emt 0:00:04]} 18. Kh2 {[%emt
0:00:07]} h6 {[%emt 0:00:02]} 19. g3 {[%emt 0:00:01]} Nh5 {[%emt 0:00:02]} 20.
Bg2 {[%emt 0:00:13]} Nf6 {[%emt 0:00:02]} 21. Ng1 {[%emt 0:00:06]} Nh7 {[%emt
0:00:01]} 22. f4 {[%emt 0:00:17]} f6 {[%emt 0:00:03]} 23. f5 {[%emt 0:00:04]}
Nh8 {[%emt 0:00:01]} 24. g4 {[%emt 0:00:02]} Nf7 {[%emt 0:00:02]} 25. h4 {
[%emt 0:00:03]} Rfb8 {[%emt 0:00:04]} 26. Nh3 {[%emt 0:00:03]} Rb7 {[%emt 0:00:
30]} 27. Bf3 {[%emt 0:00:03]} Raa7 {[%emt 0:00:02]} 28. Rg1 {[%emt 0:00:02]}
Kf8 {[%emt 0:00:09]} 29. Rg2 {[%emt 0:00:05]} Ke8 {[%emt 0:00:02]} 30. g5 {
[%emt 0:00:03]} fxg5 {[%emt 0:00:04]} 31. hxg5 {[%emt 0:00:01]} Nfxg5 {[%emt 0:
00:07]} 32. Nxg5 {[%emt 0:00:09]} hxg5 {[%emt 0:00:23]} 33. Bxg5 {[%emt 0:00:
08]} Nxg5 {[%emt 0:00:02]} 34. Rxg5 {[%emt 0:00:00]} Kd8 {[%emt 0:00:07]} 35.
Kg3 {[%emt 0:00:19]} Be8 {[%emt 0:00:10]} 36. Kf2 {[%emt 0:00:05]} Qf6 {[%emt
0:00:02]} 37. Rh1 {[%emt 0:00:15]} Re7 {[%emt 0:00:01]} 38. Rh8 {[%emt 0:00:02]
} Rad7 {[%emt 0:00:05]} 39. Bh5 {[%emt 0:00:03]} Rf7 {[%emt 0:00:17]} 40. Bxf7
{[%emt 0:00:04]} Rxf7 {[%emt 0:00:00]} 41. Rg6 {[%emt 0:00:02]} Qe7 {[%emt 0:
00:04]} 42. Re6 {[%emt 0:00:01]} Kd7 {[%emt 0:00:06]} 43. Rxe7+ {[%emt 0:00:01]
} Kxe7 {[%emt 0:00:00]} 44. Qg5+ {[%emt 0:00:01] HaraldEtuna resigns} 1-0

[Event "Benidorm Satellite preliminary"]
[Site "playchess.com #007036"]
[Date "2009.10.24"]
[Round "9"]
[White "Roi folichon"]
[Black "Juckel"]
[Result "0-1"]
[WhiteElo "1564"]
[BlackElo "1520"]
[PlyCount "86"]
[EventDate "2009.10.24"]
[EventType "swiss (blitz)"]

1. e4 {[%emt 0:00:01]} e5 {[%emt 0:00:03]} 2. Nf3 {[%emt 0:00:01]} Nc6 {[%emt
0:00:01]} 3. d3 {[%emt 0:00:01]} Bc5 {[%emt 0:00:03]} 4. c4 {[%emt 0:00:01]} d6
{[%emt 0:00:02]} 5. Nc3 {[%emt 0:00:01]} Nce7 {[%emt 0:00:02]} 6. Bg5 {[%emt 0:
00:01]} Nf6 {[%emt 0:00:05]} 7. Be2 {[%emt 0:00:01]} Ng6 {[%emt 0:00:02]} 8.
O-O {[%emt 0:00:05]} c6 {[%emt 0:00:00]} 9. Nd2 {[%emt 0:00:11]} O-O {[%emt 0:
00:03]} 10. a3 {[%emt 0:00:01]} Be6 {[%emt 0:00:06]} 11. b4 {[%emt 0:00:01]}
Bb6 {[%emt 0:00:01]} 12. a4 {[%emt 0:00:01]} h6 {[%emt 0:00:10]} 13. Be3 {
[%emt 0:00:04]} Bc7 {[%emt 0:00:11]} 14. Bh5 {[%emt 0:00:09]} Nf4 {[%emt 0:00:
02]} 15. Bxf4 {[%emt 0:00:03]} exf4 {[%emt 0:00:01]} 16. d4 {[%emt 0:00:13]}
Qd7 {[%emt 0:00:37]} 17. Bf3 {[%emt 0:00:09]} d5 {[%emt 0:00:15]} 18. e5 {
[%emt 0:00:02]} Nh7 {[%emt 0:00:11]} 19. c5 {[%emt 0:00:01]} f6 {[%emt 0:00:06]
} 20. exf6 {[%emt 0:00:06]} Rxf6 {[%emt 0:00:05]} 21. Re1 {[%emt 0:00:02]} Raf8
{[%emt 0:00:02]} 22. Nf1 {[%emt 0:00:15]} Ng5 {[%emt 0:00:01]} 23. Ra2 {[%emt
0:00:23]} Nxf3+ {[%emt 0:00:06]} 24. Qxf3 {[%emt 0:00:01]} Rg6 {[%emt 0:00:05]}
25. Ne2 {[%emt 0:00:17]} Bg4 {[%emt 0:00:06]} 26. Qd3 {[%emt 0:00:04]} f3 {
[%emt 0:00:03]} 27. Qxg6 {[%emt 0:00:08]} fxg2 {[%emt 0:00:16]} 28. Nfg3 {
[%emt 0:00:06]} Rf6 {[%emt 0:00:33]} 29. Qd3 {[%emt 0:00:07]} Qf7 {[%emt 0:00:
07]} 30. Nc3 {[%emt 0:00:09]} Bf3 {[%emt 0:00:17]} 31. Nd1 {[%emt 0:00:27] .}
Bxg3 {[%emt 0:00:03]} 32. hxg3 {[%emt 0:00:02]} Be4 {[%emt 0:00:01]} 33. Qe3 {
[%emt 0:00:07]} Qh5 {[%emt 0:00:02]} 34. Qxh6 {[%emt 0:00:23]} Rxh6 {[%emt 0:
00:07]} 35. f4 {[%emt 0:00:09]} Qh1+ {[%emt 0:00:06]} 36. Kf2 {[%emt 0:00:01]}
g1=Q+ {[%emt 0:00:03]} 37. Rxg1 {[%emt 0:00:01]} Qxg1+ {[%emt 0:00:01]} 38. Ke2
{[%emt 0:00:00]} Qxg3 {[%emt 0:00:03]} 39. Kd2 {[%emt 0:00:03]} Rh2+ {[%emt 0:
00:01]} 40. Kc1 {[%emt 0:00:02]} Rxa2 {[%emt 0:00:01]} 41. b5 {[%emt 0:00:01]}
Qe1 {[%emt 0:00:01]} 42. bxc6 {[%emt 0:00:02]} Rc2+ {[%emt 0:00:03]} 43. Kb1 {
[%emt 0:00:02]} Qxd1# {[%emt 0:00:01]} 0-1

[Event "Benidorm Satellite preliminary"]
[Site "playchess.com #007036"]
[Date "2009.10.24"]
[Round "9"]
[White "Kshorg"]
[Black "huseyinist"]
[Result "0-1"]
[WhiteElo "1716"]
[BlackElo "1466"]
[PlyCount "134"]
[EventDate "2009.10.24"]
[EventType "swiss (blitz)"]

1. g3 {[%emt 0:00:03]} d5 {[%emt 0:00:02]} 2. Bg2 {[%emt 0:00:02]} e5 {[%emt 0:
00:03]} 3. d3 {[%emt 0:00:03]} c6 {[%emt 0:00:05]} 4. a3 {[%emt 0:00:01]} f5 {
[%emt 0:00:01]} 5. b4 {[%emt 0:00:04]} Nf6 {[%emt 0:00:01]} 6. Bb2 {[%emt 0:00:
01]} Bd6 {[%emt 0:00:05]} 7. Nd2 {[%emt 0:00:00]} O-O {[%emt 0:00:01]} 8. c4 {
[%emt 0:00:01]} d4 {[%emt 0:00:03]} 9. c5 {[%emt 0:00:05]} Bc7 {[%emt 0:00:01]}
10. Ngf3 {[%emt 0:00:01]} Be6 {[%emt 0:00:05]} 11. Ng5 {[%emt 0:00:03]} Bd5 {
[%emt 0:00:05]} 12. Bxd5+ {[%emt 0:00:38]} Nxd5 {[%emt 0:00:02]} 13. Ne6 {
[%emt 0:00:04]} Qf6 {[%emt 0:00:08]} 14. Nxf8 {[%emt 0:00:03]} Kxf8 {[%emt 0:
00:01]} 15. Qb3 {[%emt 0:00:05]} Nd7 {[%emt 0:00:07]} 16. O-O {[%emt 0:00:02]}
h5 {[%emt 0:00:02]} 17. f4 {[%emt 0:00:25]} Re8 {[%emt 0:00:20]} 18. Nf3 {
[%emt 0:00:13]} Ne3 {[%emt 0:00:23]} 19. fxe5 {[%emt 0:00:04]} Bxe5 {[%emt 0:
00:02]} 20. Nxe5 {[%emt 0:00:14]} Qxe5 {[%emt 0:00:06]} 21. Rf3 {[%emt 0:00:11]
} h4 {[%emt 0:00:06]} 22. g4 {[%emt 0:00:13]} Nxg4 {[%emt 0:00:06]} 23. Rxf5+ {
[%emt 0:00:01]} Qxf5 {[%emt 0:00:18]} 24. Rf1 {[%emt 0:00:08]} Qxf1+ {[%emt 0:
00:10]} 25. Kxf1 {[%emt 0:00:02]} Nxh2+ {[%emt 0:00:01]} 26. Kf2 {[%emt 0:00:
06]} Ng4+ {[%emt 0:00:02]} 27. Kf3 {[%emt 0:00:07]} Nde5+ {[%emt 0:00:08]} 28.
Kf4 {[%emt 0:00:07]} Re7 {[%emt 0:00:15]} 29. Bxd4 {[%emt 0:00:03]} Rf7+ {
[%emt 0:00:01]} 30. Qxf7+ {[%emt 0:00:08]} Kxf7 {[%emt 0:00:07]} 31. Bxe5 {
[%emt 0:00:04]} Nxe5 {[%emt 0:00:01]} 32. d4 {[%emt 0:00:02]} Ng6+ {[%emt 0:00:
09]} 33. Kg4 {[%emt 0:00:03]} Ke6 {[%emt 0:00:02]} 34. e4 {[%emt 0:00:01]} b6 {
[%emt 0:00:06]} 35. a4 {[%emt 0:00:02]} bxc5 {[%emt 0:00:02]} 36. bxc5 {[%emt
0:00:01]} Kd7 {[%emt 0:00:06]} 37. d5 {[%emt 0:00:05]} cxd5 {[%emt 0:00:02]}
38. exd5 {[%emt 0:00:01]} Kc7 {[%emt 0:00:02]} 39. a5 {[%emt 0:00:03]} a6 {
[%emt 0:00:02]} 40. Kh3 {[%emt 0:00:05]} Nf4+ {[%emt 0:00:04]} 41. Kxh4 {[%emt
0:00:01]} Nxd5 {[%emt 0:00:01]} 42. Kg5 {[%emt 0:00:00]} Kc6 {[%emt 0:00:01]}
43. Kg6 {[%emt 0:00:01]} Kxc5 {[%emt 0:00:01]} 44. Kxg7 {[%emt 0:00:00]} Kb5 {
[%emt 0:00:00]} 45. Kf7 {[%emt 0:00:01]} Kxa5 {[%emt 0:00:00]} 46. Ke6 {[%emt
0:00:00]} Nc3 {[%emt 0:00:01]} 47. Kd6 {[%emt 0:00:01]} Kb4 {[%emt 0:00:01]}
48. Kc6 {[%emt 0:00:01]} a5 {[%emt 0:00:01]} 49. Kb6 {[%emt 0:00:01]} a4 {
[%emt 0:00:00]} 50. Kc7 {[%emt 0:00:01]} a3 {[%emt 0:00:00]} 51. Kd6 {[%emt 0:
00:01]} a2 {[%emt 0:00:00]} 52. Ke5 {[%emt 0:00:00]} a1=Q {[%emt 0:00:00]} 53.
Kd6 {[%emt 0:00:01]} Qd1+ {[%emt 0:00:02]} 54. Ke5 {[%emt 0:00:01]} Qd5+ {
[%emt 0:00:01]} 55. Kf4 {[%emt 0:00:01]} Kc4 {[%emt 0:00:01]} 56. Ke3 {[%emt 0:
00:02]} Qd4+ {[%emt 0:00:02]} 57. Kf3 {[%emt 0:00:02]} Qe4+ {[%emt 0:00:02]}
58. Kf2 {[%emt 0:00:01]} Kd3 {[%emt 0:00:03]} 59. Kg3 {[%emt 0:00:02]} Ne2+ {
[%emt 0:00:03]} 60. Kf2 {[%emt 0:00:07]} Qe3+ {[%emt 0:00:02]} 61. Ke1 {[%emt
0:00:01]} Nc3+ {[%emt 0:00:01]} 62. Kf1 {[%emt 0:00:02]} Qf3+ {[%emt 0:00:05]}
63. Kg1 {[%emt 0:00:02]} Qe2 {[%emt 0:00:04]} 64. Kh1 {[%emt 0:00:02]} Ne4 {
[%emt 0:00:05]} 65. Kg1 {[%emt 0:00:01]} Ke3 {[%emt 0:00:03]} 66. Kh1 {[%emt 0:
00:01]} Kf3 {[%emt 0:00:01]} 67. Kg1 {[%emt 0:00:02]} Qg2# {[%emt 0:00:01]} 0-1